[Event "British Chess Championships 2023: Weekend Tournament Atkins"]
[Site "The Venue, De Montfort University, 20 Western Boulevard, Leicester, LE2 7BU"]
[Date "2023.07.23"]
[Round "4"]
[Board "2"]
[White "Homer, Stephen J"]
[Black "Shafi, Declan"]
[Result "0-1"]
[WhiteElo "2062"]
[BlackElo "2275"]
[PlyCount "0"]
[EventDate "2023.07.21"]
[EventRounds "5"]
[EventCountry "ENG"]

1. e4 e5 2. Nf3 Nc6 3. Bb5 a6 4. Ba4 Nf6 5. O-O Be7 6. Re1 b5 7. Bb3 d6 8. c3 O-O
9. h3 Na5 10. Bc2 c5 11. d4 Nd7 12. d5 Nb6 13. b3 f5 14. exf5 Bxf5 15. Be4 Qd7 16.
Nbd2 Qb7 17. c4 bxc4 18. bxc4 Qd7 19. Qc2 g6 20. a4 Rae8 21. Qc3 Nb7 22. Nf1 Qc7
23. Ng3 Nd7 24. Ng5 Qa5 25. Ra3 Qxc3 26. Rxc3 Na5 27. Bxf5 gxf5 28. Ne6 Rf7 29. Nh5
Nf8 30. Ng5 Bxg5 31. Bxg5 Nd7 32. Bd2 Kh8 33. f4 Nb6 34. fxe5 dxe5 35. Rc2 Naxc4
36. a5 Nxd2 37. Rxd2 Nd7 38. Rb2 f4 39. Rb7 Rd8 40. Ra7 Rf5 41. g4 fxg3 42. Nxg3
Rf3 43. Ne4 Rxh3 44. Rxa6 Nf8 45. Rd6 Rxd6 46. Nxd6 Ra3 47. Nb7 Nd7 48. Rb1 Kg8 49.
Rb5 c4 50. Nc5 c3 51. Nxd7 c2 52. Rc5 Ra1+ 53. Kf2 c1=Q 54. Rxc1 Rxc1 55. a6 Ra1
56. Nc5 Kf7 57. Ke3 Ra5 58. Nd3 Rxd5 59. Nb4 Ra5 60. Nc6 Rxa6 61. Nxe5+ Ke6 62. Nf3
Kf5 63. Kf2 h5 64. Kg3 Ra3 65. Kg2 Kf4 66. Nh2 h4 67. Nf1 h3+ 68. Kh2 Kg4 69. Kg1
Ra1 70. Kf2 Ra2+ 71. Kg1 Rg2+ 72. Kh1 Kf3 73. Ne3 Ra2 74. Nf5 Kf4 75. Nd4 Kg4 76.
Kg1 Rd2 77. Nb3 Rd3 78. Nc5 Rd1+ 79. Kh2 Rd2+ 80. Kh1 Rd5 81. Ne4 Kf4 82. Nf2 Kf3
 0-1

[Event "British Chess Championships 2023: Weekend Tournament Atkins"]
[Site "The Venue, De Montfort University, 20 Western Boulevard, Leicester, LE2 7BU"]
[Date "2023.07.23"]
[Round "4"]
[Board "3"]
[White "Stubbs, Oliver"]
[Black "Gant, Chris J"]
[Result "1-0"]
[WhiteElo "2206"]
[BlackElo "2058"]
[PlyCount "0"]
[EventDate "2023.07.21"]
[EventRounds "5"]
[EventCountry "ENG"]

1. d4 Nf6 2. Nf3 g6 3. Bf4 d6 4. e3 Bg7 5. h3 O-O 6. Be2 c5 7. O-O Nc6 8. c3 cxd4
9. exd4 b6 10. Re1 Bb7 11. Nbd2 Qc7 12. Bf1 Rfe8 13. Bh2 a6 14. a4 Rad8 15. Qb3 Na5
16. Qa3 Nh5 17. Rad1 Nc6 18. Nc4 b5 19. Ne3 Na7 20. d5 Nf6 21. axb5 Nxb5 22. Qa4
Qc5 23. c4 Nc7 24. b4 Qa7 25. Nc2 e6 26. dxe6 Nxe6 27. Nd2 Nd4 28. Rxe8+ Rxe8 29.
Bxd6 Ne2+ 30. Bxe2 Rxe2 31. Bc5 Qa8 32. Ne3 Bh6 33. Ndf1 Ne4 34. Qa5 Bg5 35. Nd5
Nxc5 36. Qxc5 h6 37. Ng3 Bh4 38. Nxe2  1-0

[Event "British Chess Championships 2023: Weekend Tournament Atkins"]
[Site "The Venue, De Montfort University, 20 Western Boulevard, Leicester, LE2 7BU"]
[Date "2023.07.23"]
[Round "4"]
[Board "4"]
[White "Kothari, Jai"]
[Black "Samarakoon, Vivash"]
[Result "0-1"]
[WhiteElo "2027"]
[BlackElo "2095"]
[PlyCount "0"]
[EventDate "2023.07.21"]
[EventRounds "5"]
[EventCountry "ENG"]

1. e4 e5 2. Nf3 Nc6 3. d4 exd4 4. Nxd4 Nxd4 5. Qxd4 d6 6. Nc3 Be6 7. Be3 Nf6 8. O-O-O
a6 9. f3 Be7 10. g4 h6 11. h4 c5 12. Qd2 Qa5 13. Kb1 O-O-O 14. Be2 Kb8 15. Rhg1 Nd7
16. Qe1 Rhf8 17. f4 f6 18. h5 Rg8 19. Qg3 Ka8 20. Qh2 b5 21. Bf3 Ka7 22. Qf2 Rb8
23. e5 fxe5 24. Bd5 b4 25. Bxe6 bxc3 26. b3 exf4 27. Bc1 Rgd8 28. Rge1 Ne5 29. Bxf4
Rf8 30. Bf5 Rb7 31. Bxe5 dxe5 32. Ka1 Qa3 33. Rb1 Rb5 34. Rxe5 Qxa2+  0-1

[Event "British Chess Championships 2023: Weekend Tournament Atkins"]
[Site "The Venue, De Montfort University, 20 Western Boulevard, Leicester, LE2 7BU"]
[Date "2023.07.23"]
[Round "4"]
[Board "5"]
[White "Ashworth, Michael J"]
[Black "Fowler, Hugo"]
[Result "1/2-1/2"]
[WhiteElo "2131"]
[BlackElo "1930"]
[PlyCount "0"]
[EventDate "2023.07.21"]
[EventRounds "5"]
[EventCountry "ENG"]

1. d4 d5 2. c4 dxc4 3. Nf3 Nf6 4. e3 c5 5. Bxc4 cxd4 6. Qxd4 Qxd4 7. Nxd4 a6 8. Nc3
e5 9. Nf3 Nc6 10. Ng5 Nd8 11. O-O h6 12. Nf3 Nc6 13. h3 Bf5 14. Rd1 Be7 15. Bd2 Rd8
16. Be1 O-O 17. Nd5 Nxd5 18. Bxd5 e4 19. Bxc6 bxc6 20. Nd4 Bd7 21. b4 Rb8 22. Rac1
Rfc8 23. Rc4 f5 24. Rdc1 Rb6 25. a4 Kf8 26. a5 Rb7 27. Nxc6 Be6 28. R4c2 Rbc7 29.
Nd4 Rxc2 30. Rxc2 Rxc2 31. Nxc2 Bf6 32. b5 axb5 33. Bb4+ Ke8 34. a6 Kd7 35. a7 Bd5
36. Na3 Kc7 37. Nxb5+ Kb6 38. Nd6 Kxa7 39. Nxf5 h5 40. Bc5+ Kb8 41. Bd4 g6 42. Ng3
Be7 43. Ne2 Kc7 44. Nf4 Bf7 45. f3 exf3 46. gxf3 Bd6 47. Nd3 Bc4 48. Nf2 Kd7 49.
Kg2 Ke6 50. f4 Be7 51. e4 Bh4 52. Nd1 Bd3 53. Nc3 Be1 54. e5 Bxc3  1/2-1/2

[Event "British Chess Championships 2023: Weekend Tournament Atkins"]
[Site "The Venue, De Montfort University, 20 Western Boulevard, Leicester, LE2 7BU"]
[Date "2023.07.23"]
[Round "4"]
[Board "6"]
[White "Gordon, Sean"]
[Black "Gerlagh, Joris"]
[Result "0-1"]
[WhiteElo "1999"]
[BlackElo "2437"]
[PlyCount "0"]
[EventDate "2023.07.21"]
[EventRounds "5"]
[EventCountry "ENG"]

1. Nf3 b6 2. e4 Bb7 3. Nc3 e6 4. d4 Bb4 5. Bd3 Nf6 6. Qe2 d5 7. exd5 Nxd5 8. Bd2
Nxc3 9. bxc3 Be7 10. Rd1 Bf6 11. h4 h6 12. Kf1 Nc6 13. Be4 Qe7 14. c4 O-O-O 15. Bc1
Kb8 16. Bxc6 Bxc6 17. d5 Bb7 18. dxe6 Rxd1+ 19. Qxd1 Qxe6 20. Qe2 Qc6 21. Rh3 Qa4
22. Bf4 Qxa2 23. Kg1 Rd8 24. Ne5 Qa1+ 25. Kh2 Rd1 26. Kg3 Qc3+ 27. Nd3 Rb1 28. Kh2
Qxc4 29. Re3 a5 30. Re8+ Ka7 31. Qe3 Qc6 32. f3 g5 33. hxg5 hxg5 34. Bg3 Be5 35.
Ne1 Qh6+ 36. Kg1 Bxg3  0-1

[Event "British Chess Championships 2023: Weekend Tournament Atkins"]
[Site "The Venue, De Montfort University, 20 Western Boulevard, Leicester, LE2 7BU"]
[Date "2023.07.23"]
[Round "4"]
[Board "7"]
[White "Gopakumar, Siddharth"]
[Black "Moore, Gerald"]
[Result "1/2-1/2"]
[WhiteElo "2017"]
[BlackElo "2155"]
[PlyCount "0"]
[EventDate "2023.07.21"]
[EventRounds "5"]
[EventCountry "ENG"]

1. e4 c5 2. c3 d5 3. exd5 Qxd5 4. d4 Nc6 5. Nf3 g6 6. Be3 Bg7 7. dxc5 Qxd1+ 8. Kxd1
Nf6 9. Nbd2 Nd5 10. Bb5 O-O 11. Re1 Bg4 12. Bxc6 bxc6 13. h3 Bxf3+ 14. gxf3 Rfd8
15. Kc2 Nxe3+ 16. fxe3 Rd5 17. Nb3 Rh5 18. Rh1 Bh6 19. e4 Be3 20. Na5 Bxc5 21. Nxc6
Rc8 22. Na5 Rg5 23. Rad1 Rg2+ 24. Rd2 Rg3 25. Rd3 Rg2+ 26. Rd2 Rg3 27. Rd3  1/2-1/2

[Event "British Chess Championships 2023: Weekend Tournament Atkins"]
[Site "The Venue, De Montfort University, 20 Western Boulevard, Leicester, LE2 7BU"]
[Date "2023.07.23"]
[Round "4"]
[Board "8"]
[White "Phillips, David"]
[Black "Nawalaniec, Adam"]
[Result "1/2-1/2"]
[WhiteElo "1825"]
[BlackElo "2148"]
[PlyCount "0"]
[EventDate "2023.07.21"]
[EventRounds "5"]
[EventCountry "ENG"]

1. d4 c5 2. d5 e5 3. e4 d6 4. c4 Be7 5. Nc3 Bg5 6. Bd3 Bxc1 7. Qxc1 Ne7 8. Nge2 O-O
9. O-O Nd7 10. Ng3 Ng6 11. Nf5 Nf4 12. Bc2 Nb6 13. g3 Ng6 14. Bd3 Qf6 15. h4 h6 16.
a3 Ne7 17. Ne3 g6 18. b4 Bh3 19. Re1 Rac8 20. Qd2 Kg7 21. Rab1 Rh8 22. Nb5 a6 23.
Nc3 Nd7 24. Kh2 cxb4 25. axb4 Bf5 26. exf5 gxf5 27. Ng2 Rcg8 28. f4 Kf8 29. Bf1 exf4
30. Nxf4 Ne5 31. Rxe5 dxe5 32. Nh5 Qg6 33. Be2 f4 34. g4 Nf5 35. Ne4 Nxh4 36. Nhf6
h5 37. g5 Qf5 38. Rg1 f3 39. Bd1 Ng2 40. Bxf3 Nf4 41. Bg2 Rxg5 42. Nxg5 Qxg5 43.
Nd7+ Ke7 44. Qf2 Rg8 45. Qc5+ Kd8 46. Qb6+ Kc8 47. Qc5+ Kd8 48. Qb6+ Kc8 49. Qc5+
Kd8 50. Qb6+ Kc8  1/2-1/2

[Event "British Chess Championships 2023: Weekend Tournament Atkins"]
[Site "The Venue, De Montfort University, 20 Western Boulevard, Leicester, LE2 7BU"]
[Date "2023.07.23"]
[Round "4"]
[Board "9"]
[White "Madhavan, Sanjith"]
[Black "Ravikumar, Pranava"]
[Result "1-0"]
[WhiteElo "1987"]
[BlackElo "2022"]
[PlyCount "0"]
[EventDate "2023.07.21"]
[EventRounds "5"]
[EventCountry "ENG"]

1. e4 c5 2. Nf3 Nc6 3. d4 cxd4 4. Nxd4 Nf6 5. Nc3 d6 6. Bg5 Qa5 7. Bxf6 gxf6 8. Qd2
Nxd4 9. Qxd4 Bd7 10. Bc4 Qg5 11. Qd5 Qxd5 12. Nxd5 Rc8 13. Bd3 Rg8 14. Kf1 Bg7 15.
f3 e6 16. Ne3 b5 17. c3 h5 18. Kf2 Bh6 19. g3 Rb8 20. a3 Ke7 21. Rhd1 Bxe3+ 22. Kxe3
a5 23. Rac1 b4 24. cxb4 axb4 25. Rc7 Rgc8 26. Rxc8 Rxc8 27. axb4 Rb8 28. Kd4 e5+
29. Kc3 Rc8+ 30. Bc4 Bb5 31. b3 f5 32. Ra1 fxe4 33. Ra7+ Kf6 34. fxe4 Be8 35. Kd3
Rb8 36. b5 Kg5 37. Bxf7 Bxf7 38. Rxf7 Rxb5 39. Kc3 Rc5+ 40. Kb2 Kg4 41. Rf5 Rc8 42.
Rf2 Rc5 43. b4 Rc4 44. Kb3 Rxe4 45. b5 Kh3 46. b6 Rg4 47. b7 Rg8 48. Kc4 Rb8 49.
Rb2 e4 50. Kd4 d5 51. Kxd5 Re8 52. b8=Q Rxb8 53. Rxb8 e3 54. Re8 Kxh2 55. Rxe3  1-0

[Event "British Chess Championships 2023: Weekend Tournament Atkins"]
[Site "The Venue, De Montfort University, 20 Western Boulevard, Leicester, LE2 7BU"]
[Date "2023.07.23"]
[Round "4"]
[Board "10"]
[White "Guha, Chirag"]
[Black "Chopra, Manmay"]
[Result "1-0"]
[WhiteElo "1754"]
[BlackElo "2061"]
[PlyCount "0"]
[EventDate "2023.07.21"]
[EventRounds "5"]
[EventCountry "ENG"]

1. d4 Nf6 2. c4 d6 3. g3 g6 4. Bg2 Bg7 5. Nf3 O-O 6. O-O Nc6 7. Nc3 e5 8. d5 Nb8
9. c5 Bg4 10. cxd6 cxd6 11. Nd2 Qd7 12. a4 Rc8 13. Qb3 Na6 14. Qa3 Ne8 15. e4 Nc5
16. Ndb1 a5 17. Be3 Bh3 18. Nd2 Bxg2 19. Kxg2 Nd3 20. Nb5 Nb4 21. Rac1 f5 22. Nc4
Rxc4 23. Rxc4 fxe4 24. Rxe4 Nf6 25. Rc4 Nfxd5 26. Qb3 Rf8 27. Bd2 Kh8 28. Bxb4 axb4
29. Qd3 Qe6 30. Rd1 Nf6 31. Rxb4 d5 32. Nc7 Qc6 33. Nxd5 Rd8 34. Rb5 e4 35. Qb3 e3
36. fxe3 Ng4 37. h3 Nxe3+ 38. Qxe3 Re8 39. Qd3 Rd8 40. Rb6 Qxa4 41. Rxb7 Qc6 42.
Rc7 Qa4 43. b3 Qa5 44. Rc2 Qa8 45. b4 Qa4 46. Rcd2 Qc6 47. b5 Qb7 48. b6  1-0

[Event "British Chess Championships 2023: Weekend Tournament Atkins"]
[Site "The Venue, De Montfort University, 20 Western Boulevard, Leicester, LE2 7BU"]
[Date "2023.07.23"]
[Round "4"]
[Board "11"]
[White "Zhu, Yaoyao"]
[Black "Regan, Natasha K"]
[Result "1-0"]
[WhiteElo "2059"]
[BlackElo "2021"]
[PlyCount "0"]
[EventDate "2023.07.21"]
[EventRounds "5"]
[EventCountry "ENG"]

1. e4 Nf6 2. e5 Nd5 3. d4 d6 4. Nf3 dxe5 5. Nxe5 c6 6. Be2 g6 7. O-O Bg7 8. c4 Nc7
9. f4 Nd7 10. Be3 O-O 11. Nc3 a6 12. Qe1 Nxe5 13. fxe5 c5 14. dxc5 Bxe5 15. Rd1 Qe8
16. Bf3 Bg7 17. b3 e5 18. Ne4 Qe7 19. Nd6 Ne6 20. c6 bxc6 21. Bxc6 Rb8 22. c5 Qc7
23. Nxc8 Rbxc8 24. Bd7 Rcd8 25. Bxe6 fxe6 26. Rxf8+ Bxf8 27. Rxd8 Qxd8 28. Qc3 Qc7
29. b4 Bg7 30. c6 Kf7 31. a4 e4 32. Qc4 Be5 33. h3 Bg3 34. Qxe4 Qd6 35. Qf3+ Ke8
36. Bc5 Qf4 37. Qxf4 Bxf4 38. b5 axb5 39. axb5 Kd8 40. b6 h5 41. Kf2 Be5 42. Ke3
g5 43. Bd4 Bd6 44. Ke4 g4 45. hxg4 hxg4 46. Be5 Bc5 47. b7  1-0

[Event "British Chess Championships 2023: Weekend Tournament Atkins"]
[Site "The Venue, De Montfort University, 20 Western Boulevard, Leicester, LE2 7BU"]
[Date "2023.07.23"]
[Round "4"]
[Board "12"]
[White "Sutton, Daniel"]
[Black "Obi, Okwose Marc"]
[Result "0-1"]
[WhiteElo "2057"]
[BlackElo "1965"]
[PlyCount "0"]
[EventDate "2023.07.21"]
[EventRounds "5"]
[EventCountry "ENG"]

1. e4 d6 2. d4 Nf6 3. Nc3 c6 4. Nf3 Qa5 5. Bd2 e5 6. Nd5 Qd8 7. Nxf6+ Qxf6 8. Bg5
Qg6 9. dxe5 Qxe4+ 10. Be2 d5 11. O-O Bc5 12. h3 O-O 13. Bd3 Qb4 14. Bd2 Qb6 15. Bxh7+
Kxh7 16. Ng5+ Kg6 17. h4 Rh8 18. Qf3 f6 19. Qd3+ Bf5 20. Qg3 Nd7 21. Rae1 Nxe5 22.
h5+ Rxh5 23. Ne6+ Kf7  0-1

[Event "British Chess Championships 2023: Weekend Tournament Atkins"]
[Site "The Venue, De Montfort University, 20 Western Boulevard, Leicester, LE2 7BU"]
[Date "2023.07.23"]
[Round "4"]
[Board "13"]
[White "Subramanian, Anusha"]
[Black "Munshi, Aryan"]
[Result "1-0"]
[WhiteElo "2029"]
[BlackElo "1454"]
[PlyCount "0"]
[EventDate "2023.07.21"]
[EventRounds "5"]
[EventCountry "ENG"]

1. d4 d5 2. c4 e6 3. Nf3 Nf6 4. cxd5 exd5 5. Nc3 c6 6. Bg5 Be7 7. e3 O-O 8. Qc2 Be6
9. Bd3 h6 10. Bh4 Nbd7 11. O-O Bg4 12. Nd2 c5 13. dxc5 Nxc5 14. Bf5 d4 15. exd4 Qxd4
16. Bxg4 Qxg4 17. Nf3 Rac8 18. Rfe1 Rfe8 19. h3 Qc4 20. Rad1 Ne6 21. Qb1 Red8 22.
Bg3 Bb4 23. Ne5 Qc5 24. Nd3 Qa5 25. Re5 Nc5 26. Ne2 Qb6 27. Bh4 Ncd7 28. Rf5 Re8
29. Bxf6 Nxf6 30. Ng3 Rcd8 31. Qc2 Bf8 32. a3 Rd7 33. Rf3 Red8 34. Re1 Qc7 35. Qb3
Rd4 36. Nf5 R4d5 37. Nb4 Bxb4 38. Qxb4 Rd1 39. Nxh6+ Kh8 40. Nf5 a5 41. Qh4+ Kg8
42. Rfe3 Qc1 43. Ne7+  1-0

[Event "British Chess Championships 2023: Weekend Tournament Atkins"]
[Site "The Venue, De Montfort University, 20 Western Boulevard, Leicester, LE2 7BU"]
[Date "2023.07.23"]
[Round "4"]
[Board "14"]
[White "Csom, Etelka"]
[Black "Dargan, Paul A G"]
[Result "0-1"]
[WhiteElo "2013"]
[BlackElo "2091"]
[PlyCount "0"]
[EventDate "2023.07.21"]
[EventRounds "5"]
[EventCountry "ENG"]

1. e4 c5 2. Nc3 Nc6 3. g3 g6 4. Bg2 Bg7 5. d3 d6 6. Be3 e5 7. Qd2 Nge7 8. Bh6 Bxh6
9. Qxh6 Nd4 10. O-O-O b5 11. h4 Qa5 12. Kb1 Be6 13. Nd5 Bxd5 14. exd5 b4 15. Qd2
Rb8 16. Ne2 Nef5 17. Nc1 Nb5 18. Rde1 Nfd4 19. Ka1 Na3 20. bxa3 bxa3 21. Rd1 Rb2
22. Nb3 Qxd2 23. Rxd2 Nxc2+ 24. Rxc2 Rxc2 25. Re1 Rxf2 26. Bh1 Kd7 27. Na5 Rb8 28.
Nc4 f5 29. Rc1 Rbb2  0-1

[Event "British Chess Championships 2023: Weekend Tournament Atkins"]
[Site "The Venue, De Montfort University, 20 Western Boulevard, Leicester, LE2 7BU"]
[Date "2023.07.23"]
[Round "4"]
[Board "15"]
[White "Dhemrait, Jagdeep"]
[Black "Samarasinghe, Jude Ranga"]
[Result "0-1"]
[WhiteElo "2013"]
[BlackElo "2148"]
[PlyCount "0"]
[EventDate "2023.07.21"]
[EventRounds "5"]
[EventCountry "ENG"]

1. c4 e6 2. Nc3 d5 3. d4 c6 4. Bf4 Bd6 5. Bxd6 Qxd6 6. e3 f5 7. Nf3 Nd7 8. Be2 Ngf6
9. O-O O-O 10. Rc1 Ne4 11. Nd2 Rf6 12. f4 Rh6 13. Ndxe4 fxe4 14. Qe1 Nf8 15. c5 Qe7
16. b4 Bd7 17. a4 g5 18. Qg3 Rg6 19. fxg5 Rxg5 20. Qc7 Rg7 21. g3 Qg5 22. Nd1 Be8
23. Qd6 Bf7 24. b5 Rd8 25. Qf4 Qe7 26. bxc6 bxc6 27. Rb1 Ng6 28. Qf6 Be8 29. Qxe7
Nxe7 30. Rf6 Nf5 31. Rxe6 Kf7 32. Re5 Kf6 33. Kf2 h5 34. Nc3 Rh7 35. Rf1 Bd7 36.
Ke1 Kg6 37. Kd2 Rb8 38. Rb1 Rxb1 39. Nxb1 Kf6 40. Nc3 Rh8 41. a5 Rb8 42. Nd1 Rb4
43. Kc3 Ra4 44. Bxh5 Rc4+ 45. Kd2 Nxd4 46. Ke2  0-1

[Event "British Chess Championships 2023: Weekend Tournament Atkins"]
[Site "The Venue, De Montfort University, 20 Western Boulevard, Leicester, LE2 7BU"]
[Date "2023.07.23"]
[Round "4"]
[Board "16"]
[White "Dias, Savin"]
[Black "Goss, Alex"]
[Result "1-0"]
[WhiteElo "2070"]
[BlackElo "1848"]
[PlyCount "0"]
[EventDate "2023.07.21"]
[EventRounds "5"]
[EventCountry "ENG"]

1. e4 e6 2. d4 d5 3. Nc3 Bb4 4. e5 c5 5. a3 Bxc3+ 6. bxc3 Ne7 7. Qg4 Qc7 8. Bd3 cxd4
9. Ne2 dxc3 10. Qxg7 Rg8 11. Qxh7 Qxe5 12. h4 Nbc6 13. Bf4 Qf6 14. Bg5 Rxg5 15. hxg5
Qxg5 16. f4 Qg4 17. Kf2 Ng6 18. Qg8+ Ke7 19. Rh7  1-0

[Event "British Chess Championships 2023: Weekend Tournament Atkins"]
[Site "The Venue, De Montfort University, 20 Western Boulevard, Leicester, LE2 7BU"]
[Date "2023.07.23"]
[Round "4"]
[Board "17"]
[White "Ortiz Sanchez, Luis"]
[Black "Mitchell, R"]
[Result "1/2-1/2"]
[WhiteElo "2007"]
[BlackElo "2050"]
[PlyCount "0"]
[EventDate "2023.07.21"]
[EventRounds "5"]
[EventCountry "ENG"]

1. d4 d6 2. e4 Nf6 3. Nc3 c6 4. Nf3 Qc7 5. h3 e5 6. Be2 Be7 7. O-O Nbd7 8. a4 b6
9. Re1 O-O 10. Bc4 h6 11. Be3 Bb7 12. Qb1 d5 13. dxe5 Nxe5 14. Nxe5 Qxe5 15. f4 Qc7
16. exd5 cxd5 17. Be2 Rad8 18. Nb5 Qb8 19. Bf3 Ne4 20. c3 Bh4 21. Rd1 Bg3 22. Qc1
Nc5 23. Nd4 Rfe8 24. b4 Ne6 25. Ne2 Bh4  1/2-1/2

[Event "British Chess Championships 2023: Weekend Tournament Atkins"]
[Site "The Venue, De Montfort University, 20 Western Boulevard, Leicester, LE2 7BU"]
[Date "2023.07.23"]
[Round "4"]
[Board "18"]
[White "Fellowes, Billy"]
[Black "Cordova Lopez, Diego Anton"]
[Result "1/2-1/2"]
[WhiteElo "1996"]
[BlackElo "2048"]
[PlyCount "0"]
[EventDate "2023.07.21"]
[EventRounds "5"]
[EventCountry "ENG"]

1. d4 d5 2. Bf4 Nf6 3. Nc3 a6 4. e3 c5 5. Nf3 Nc6 6. Bd3 Bg4 7. Be2 e6 8. O-O Be7
9. Ne5 Nxe5 10. Bxe5 Bxe2 11. Nxe2 O-O 12. c3 Bd6 13. Bxd6 Qxd6 14. Ng3 Rac8 15.
Qe2 cxd4 16. exd4 b5 17. a3 Rc6 18. Nh5 Qe7 19. Nxf6+ Qxf6 20. Rfc1 Rb8 21. a4 g6
22. axb5 axb5 23. Ra5 Qxd4 24. Rxb5 Rxb5 25. Qxb5 Qb6 26. Qxb6 Rxb6 27. Rc2  1/2-1/2

[Event "British Chess Championships 2023: Weekend Tournament Atkins"]
[Site "The Venue, De Montfort University, 20 Western Boulevard, Leicester, LE2 7BU"]
[Date "2023.07.23"]
[Round "4"]
[Board "19"]
[White "Borrowdale, Graham E"]
[Black "Sommerbauer-Cornell, Ben"]
[Result "1/2-1/2"]
[WhiteElo "2018"]
[BlackElo "1956"]
[PlyCount "0"]
[EventDate "2023.07.21"]
[EventRounds "5"]
[EventCountry "ENG"]

1. d4 Nf6 2. Nf3 c5 3. d5 b5 4. Bg5 Qb6 5. a4 b4 6. Bxf6 Qxf6 7. c3 g6 8. e4 d6 9.
Qc2 bxc3 10. Nxc3 Bg7 11. Bb5+ Bd7 12. O-O O-O 13. Rfe1 Bxb5 14. axb5 Nd7 15. Ra2
Rfb8 16. Rea1 Rb7 17. Qe2 Nb6 18. g3 e6 19. e5 Qf5 20. dxe6 Qxe6 21. exd6 Qxe2 22.
Nxe2 Nc4 23. Rd1 Rd8 24. Ra6 Rxb5 25. Rxa7 Nxd6 26. Ra6 Rxb2 27. Nf4 Rb3 28. Kg2
Bf8 29. Rc6 Nb7 30. Rxd8 Nxd8 31. Rc8 Nb7 32. Ne5 Nd6 33. Rxc5 Rb8 34. Rc7 Rb7 35.
Rc6 Rb8 36. h4 h5 37. Nd7 Rd8 38. Ne5 Kg7 39. Nf3 Rc8 40. Rxc8  1/2-1/2

[Event "British Chess Championships 2023: Weekend Tournament Atkins"]
[Site "The Venue, De Montfort University, 20 Western Boulevard, Leicester, LE2 7BU"]
[Date "2023.07.23"]
[Round "4"]
[Board "20"]
[White "Cotterill, Sam"]
[Black "Broughton, Daniel"]
[Result "1-0"]
[WhiteElo "1895"]
[BlackElo "2013"]
[PlyCount "0"]
[EventDate "2023.07.21"]
[EventRounds "5"]
[EventCountry "ENG"]

1. e4 e6 2. d4 d5 3. Nc3 dxe4 4. Nxe4 Bd7 5. Nf3 Bc6 6. Bd3 Nd7 7. O-O Ngf6 8. Neg5
Bd6 9. Re1 Bxf3 10. Qxf3 c6 11. Qh3 Nf8 12. c4 Qd7 13. Bd2 O-O-O 14. b4 Kb8 15. a4
Ng6 16. g3 Rdf8 17. Bc3 Ne7 18. a5 h6 19. Nf3 Qd8 20. a6 b6 21. Qg2 Qc8 22. Ne5 Nd7
23. Be4 Qc7 24. Nxc6+ Nxc6 25. Bxc6 Nf6 26. c5 Be7 27. d5 exd5 28. Be5  1-0

[Event "British Chess Championships 2023: Weekend Tournament Atkins"]
[Site "The Venue, De Montfort University, 20 Western Boulevard, Leicester, LE2 7BU"]
[Date "2023.07.23"]
[Round "4"]
[Board "21"]
[White "Timbrell, Matthew"]
[Black "Buanne, Luca"]
[Result "1/2-1/2"]
[WhiteElo "1858"]
[BlackElo "2224"]
[PlyCount "0"]
[EventDate "2023.07.21"]
[EventRounds "5"]
[EventCountry "ENG"]

1. c4 e5 2. g3 Nc6 3. Bg2 g6 4. d3 Bg7 5. Nf3 d6 6. Nc3 Nf6 7. O-O O-O 8. Rb1 a5
9. a3 Re8 10. b4 axb4 11. axb4 e4 12. dxe4 Nxe4 13. Nxe4 Rxe4 14. Nd2 Re8 15. b5
Ne5 16. Qc2 Ra7 17. Bb2 f5 18. Nf3 Be6 19. Nxe5 dxe5 20. Rfd1 Qe7 21. Bd5 Bxd5 22.
Rxd5 c6 23. Rdd1 Raa8 24. Ra1 cxb5 25. cxb5 Rac8 26. Qb3+ Qf7 27. Qxf7+ Kxf7 28.
Rd7+ Re7 29. Rad1 Ke8 30. R7d5 e4 31. Ba3 Rec7 32. b6 Rf7 33. Bd6 Rd7 34. Bc7 Rxd5
35. Rxd5 Bf6 36. Bf4 Rc6 37. Be3 Bd8 38. Rb5 Kd7 39. Kg2 Ke6 40. h3 Be7  1/2-1/2

[Event "British Chess Championships 2023: Weekend Tournament Atkins"]
[Site "The Venue, De Montfort University, 20 Western Boulevard, Leicester, LE2 7BU"]
[Date "2023.07.23"]
[Round "4"]
[Board "22"]
[White "Pert, Max P"]
[Black "Bridgeman, Niamh"]
[Result "1-0"]
[WhiteElo "2140"]
[BlackElo "1940"]
[PlyCount "0"]
[EventDate "2023.07.21"]
[EventRounds "5"]
[EventCountry "ENG"]

1. d4 e6 2. c4 f5 3. g3 Nf6 4. Bg2 d5 5. Nf3 c6 6. Nc3 Bd6 7. Bf4 Bxf4 8. gxf4 b6
9. Qc2 O-O 10. e3 Qe7 11. O-O-O Ba6 12. Ne5 Ng4 13. Nxg4 fxg4 14. cxd5 cxd5 15. Kb1
Bb7 16. h3 gxh3 17. Rxh3 g6 18. Rdh1 Rf7 19. e4 Na6 20. f5 exf5 21. exf5 Rxf5 22.
Rxh7 Qxh7 23. Rxh7 Kxh7 24. Qe2 Raf8 25. f3 R8f7 26. Nb5 R5f6 27. Bh3 Nb4 28. Bg4
Ba6 29. a3 Nc6 30. Qh2+ Kg7 31. Nc7 Bd3+ 32. Kc1 Re7 33. Qg3 Nxd4 34. Kd2 Bc4 35.
Bd7 Nb3+ 36. Kd1 Be2+ 37. Kc2 Nd4+ 38. Kd2 Nxf3+ 39. Kc2 Nd4+ 40. Kd2 Rf3 41. Qd6
Rd3+ 42. Ke1 Rd1+ 43. Kf2 Rf7+ 44. Kg2 Bf1+ 45. Kg3 Ne2+ 46. Kh4 Kh6 47. Bg4 Bg2
48. Bxe2 Be4 49. Bxd1 Rf2 50. Kg3 Rg2+ 51. Kh3 Rf2 52. Ne6 Rf6 53. Bg4 Bh1 54. Qe5
Rf7 55. Qh8+ Rh7 56. Qf8+ Rg7 57. Qxg7#  1-0

[Event "British Chess Championships 2023: Weekend Tournament Atkins"]
[Site "The Venue, De Montfort University, 20 Western Boulevard, Leicester, LE2 7BU"]
[Date "2023.07.23"]
[Round "4"]
[Board "23"]
[White "Agrawal, Shivam"]
[Black "Dunne, Thomas Junior"]
[Result "1-0"]
[WhiteElo "2048"]
[BlackElo "1903"]
[PlyCount "0"]
[EventDate "2023.07.21"]
[EventRounds "5"]
[EventCountry "ENG"]

1. d4 f5 2. c4 e6 3. Nc3 Nf6 4. Nf3 Be7 5. g3 O-O 6. Bg2 Ne4 7. O-O a5 8. Qb3 c6
9. d5 Nxc3 10. Qxc3 Bf6 11. Qc2 Na6 12. Bd2 Nb4 13. Qb3 cxd5 14. Bxb4 dxc4 15. Qa3
Re8 16. Bd6 Ra6 17. Rfd1 b5 18. Ne5 Qb6 19. Rac1 Qa7 20. Nxc4 bxc4 21. Rxc4 Qb6 22.
b3 Bb7 23. Bc7 Qb5 24. Bxb7 Qxb7 25. Rxd7 Rc6 26. Qa4 Rxc4 27. Qxc4 Kh8 28. f3 e5
29. Qd5 Qa7+ 30. Kf1 e4 31. Be5 Qe3 32. Bxf6 gxf6 33. Qf7 Qc1+ 34. Kf2 Qc5+ 35. Kg2
exf3+ 36. Kh3  1-0